00509pab a2200169 454500008004000000100001700040245006300057260000900120300001500129362001200144650001700156773002700173908000600200909001000206999001700216952010600233180718b2010 xxu||||| |||| 00| 0 eng d aPothen, K.P. aSociological study of the problem of rape in Central India c2010 ap.501-506. aJul-Dec aSexual abuse aEastern Anthropologist aN a91396 c91396d91396 00104070aIIPAbIIPAd2018-07-19hVolume no: 63, Issue no: 3-4pAR91856r2018-07-19w2018-07-19yAR